|
|
|
|
| LEADER |
00000cam a2200000 7i4500 |
| 001 |
0000061668 |
| 005 |
20080922.0 |
| 008 |
080922 |
| 020 |
|
|
|a 9678981958
|
| 090 |
0 |
0 |
|a JF SIR
|
| 100 |
1 |
|
|a Hashim Latif
|
| 245 |
1 |
1 |
|a Kupu-Kupu Bersayap Baldu
|c Hashim Latif
|
| 260 |
|
|
|a Melaka :
|b Pustaka Ilham ,
|c 2006
|
| 300 |
|
|
|a 84p. :
|b ill.; ;
|c 19cm.
|
| 440 |
|
0 |
|a Siri Variasi Cerita
|
| 650 |
0 |
0 |
|a Junior Fiction
|x Malay
|
| 999 |
|
|
|a 312597
|b Buku
|c Koleksi Pinjaman Kanak-Kanak
|e Perbadanan Perpustakaan Awam Melaka
|
| 999 |
|
|
|a 312598
|b Buku
|c Koleksi Pinjaman Kanak-Kanak
|e Perbadanan Perpustakaan Awam Melaka
|